000 01705nam a2200229Ia 4500
003 Ost
005 20260507075649.0
008 260507s9999||||xx |||||||||||||| ||und||
040 _cfsecg
041 _aara
082 _a332.10285
100 _aالجنبيهى، منير محمد
_eمؤلف
245 0 _aالبنوك الإلكترونية /
_c منير محمد الجنبيهى
260 _aالإسكندرية:
_bدار الفكر الجامعي,
_c2006
300 _a251 صفحة؛
_bإيضاحات ؛
_c24 سم
504 _aالمراجع ص.251
520 _aالبنوك الإلكترونية-مزايا البنوك الإلكترونية- مخاطر البنوك الإلكترونية- مبادئ إدارة المخاطر- الطبيعة القانونية للبنوك الإلكترونية- العمليات المصرفية الإلكترونية التي تقوم بها البنوك الإلكترونية- التحولات المالية الإلكترونية التي يقوم بها البنك المركزي- ماهية الاموال المتداولة لدى البنوك الإلكترونية- الطبيعة القانونية للبيانات الإلكترونية المتداولة فيما بين البنك الإلكتروني وعملائه- التوقيع الإلكتروني للعملاء وحجيته في الإثبات لدى البنوك الإلكترونية- خضوع البنوك الإلكترونية للضرائب.
653 _aالبنوك الإلكترونية
653 _aالبنوك- معالجة البيانات إلكترونيا
700 _aالجنبيهي، ممدوح محمد
_eمؤلف ثانوي
942 _cكتاب
999 _c45550
_d45550